000 00738nab a2200229 u 4500
001 08975
003 HDC
007 cr bn ---aaaaa
008 210131c9999 my dr|nes 0 a eng d
040 _aHDC
245 0 _aAbenomics' Start to Pay Dividends
260 _a[no place] :
_b[publisher not identified],
_c[no year]
336 _atext
_2rdacontent
337 _acomputer
_2rdamedia
338 _aonline resource
_2rdacarrier
650 _afinance
_9103
650 _aJapanese investors
_99394
856 _zRequest full-text at [email protected]
942 _2lcc
942 _cNEWS
942 _kNWSC 002428
999 _c6298
_d6298